000 00537nam a2200169 i 4500
001 39217
003 ES-MaACL
005 20250905063038.0
007 t|
008 030227s1934 it ||||1| ita d
100 1 _aCamboni, Luigi,
_d1882-1958
_934037
245 1 0 _aElementi di statistica guidiziaria con nozioni introduttive di metologia... /
_cLuigi Camboni.
260 _aPadova :
_bCedam,
_c1934 (
_fTip. del Seminario)
300 _aX, 250 p. ;
_c26 cm.
852 _aES-MaACL
_jC-5246
_bR.25786
999 _c39217
_d39217